Lịch sử Việt Nam

Sách gồm 6 chương: Miền Bắc vừa xây dựng vừa chiến đấu, đánh thắng các cuộc chiến tranh phá hoại của Mỹ, hoàn thành sự nghiệp giải phóng miền Nam (1973-1975)

Guardado en:
Detalles Bibliográficos
Autores Corporativos: Viện Hàn lâm Khoa học Xã hội Việt Nam, Viện Sử học
Formato: Libro
Lenguaje:Undetermined
Publicado: Hà Nội Khoa học - Xã hội 2017
Materias:
Etiquetas: Agregar Etiqueta
Sin Etiquetas, Sea el primero en etiquetar este registro!
Thư viện lưu trữ: Trung tâm Học liệu Trường Đại học Cần Thơ
LEADER 00968nam a2200229Ia 4500
001 CTU_224696
008 210402s9999 xx 000 0 und d
020 |c 320000 
082 |a 959.7 
082 |b V305/T.13 
110 |a Viện Hàn lâm Khoa học Xã hội Việt Nam 
110 |b Viện Sử học 
245 0 |a Lịch sử Việt Nam 
245 0 |c Nguyễn Văn Nhật (Chủ biên), Đỗ Thị Nguyệt Quang, Đinh Quang Hải 
260 |a Hà Nội 
260 |b Khoa học - Xã hội 
260 |c 2017 
520 |a Sách gồm 6 chương: Miền Bắc vừa xây dựng vừa chiến đấu, đánh thắng các cuộc chiến tranh phá hoại của Mỹ, hoàn thành sự nghiệp giải phóng miền Nam (1973-1975) 
650 |a Việt Nam,Vietnam 
650 |x Lịch sử,History 
910 |a Hải 
980 |a Trung tâm Học liệu Trường Đại học Cần Thơ